000 00271nam a2200109Ia 4500
008 190914s9999||||xx |||||||||||||| ||und||
100 _aJonathan Obrien
245 0 _aCategory Management In Purchasing
260 _aIndia
_bPerson Hall
_c2005
300 _a938
942 _cBK
999 _c9868
_d9868